Flags of Countries 197 to 205 - Statistics

General Stats
  • This quiz has been taken 167 times
  • The average score is 6 of 9
Answer Stats
Picture Answer % Correct
Greenland
94%
Palestine
87%
Faroe Islands
84%
Cook Islands
71%
Western Sahara
68%
Aruba
63%
Niue
60%
Curaçao
56%
Sint Maarten
46%
No matching quizzes found
Score Distribution
Percent of People with Each Score
Percentile by Number Answered
Your Score History
You have not taken this quiz